LIBRARY & INFORMATION CENTRE, KCAET, TAVANUR

ONLINE PUBLIC ACCESS CATALOGUE (OPAC)

Freedom road (Record no. 17631)

MARC details
000 -LEADER
fixed length control field 00362nam a22001577a 4500
003 - CONTROL NUMBER IDENTIFIER
control field OSt
008 - FIXED-LENGTH DATA ELEMENTS--GENERAL INFORMATION
fixed length control field 230222b |||||||| |||| 00| 0 eng d
041 ## - LANGUAGE CODE
Language code of text/sound track or separate title mal
082 ## - DEWEY DECIMAL CLASSIFICATION NUMBER
Classification number 894.812 3
Item number FAS/FR
100 ## - MAIN ENTRY--AUTHOR NAME
Personal name Fast, Howard
245 ## - TITLE STATEMENT
Title Freedom road
260 ## - PUBLICATION, DISTRIBUTION, ETC. (IMPRINT)
Place of publication Thiruvananthapuram
Year of publication 2023
300 ## - PHYSICAL DESCRIPTION
Number of Pages 304
942 ## - ADDED ENTRY ELEMENTS (KOHA)
Koha item type Books
250 ## - EDITION STATEMENT
-- 4th
260 ## - PUBLICATION, DISTRIBUTION, ETC. (IMPRINT)
-- Chintha Publishers
Holdings
Withdrawn status Lost status Damaged status Home library Current library Date acquired Full call number Accession Number Koha item type
      KAUAET KAUAET 22/02/2023 894.812 3 FAS/FR 26099 Books
free website counter